| 000 | 00557nam a22002057a 4500 | ||
|---|---|---|---|
| 003 | OSt | ||
| 005 | 20160624145618.0 | ||
| 008 | 160624b xxu||||| |||| 00| 0 eng d | ||
| 020 | _a9780199609499 | ||
| 040 | _cDNLM. | ||
| 082 | _aQU4B52d 2014. | ||
| 100 |
_aPapachristodoulou,Despo;[et....al] _99570 |
||
| 245 | _aBiochemistry &Molecular Biology. | ||
| 250 | _a5th ed. | ||
| 260 |
_aUK, _bOxford University Press. _c2014. |
||
| 300 |
_axxviii,591p; _bcol,ill; _c28cm |
||
| 504 | _aincludes index. | ||
| 650 |
_aBio chemistry. _99521 |
||
| 942 |
_2z _cO_SHELF |
||
| 999 |
_c4459 _d4459 |
||